000 00491nam a2200181Ia 4500
005 20250508150512.0
008 008 250505s9999 xx 000 0 eng d
037 _aTextual
040 _aFEDL
_beng
_cFEDL
041 _aeng
_2eng
084 _a421.4, WAR
_qFEDL
100 _aWard Ida C
_911377
245 0 _aPhonetics of English
260 _aCambridge
_bW Heffer and Sons Limited
_c1948
300 _axv,255p
942 _cTEXL
_h421.4, WAR
999 _c1323940
_d1323940